00701 2200277 4500001002100000005001500021035002000036007000300056008004100059020002200100082000800122084001400130100003200144245004300176250002000219300002700239264003800266336002100304337003000325338002300355990000900378990000900387990000900396990000900405990000900414INLIS00000000000199920250516070526 a0010-0525000346ta250516 0  a978-979-743-244-7 a899 a899 PRA k0 aPrasetyo SantosoePengarang1 aKakakku Pahlawanku /cPrasetyo Santoso acetakan pertama avi+50 halaman ;c25 cm aSurakarta :bPutra Nugraha,c2011 2rdacontentateks 2rdamediaatanpa perantara 2rdacarrieravolume a5664 a5663 a5662 a5661 a5660